| 000 | 00000nam 2200000za 4500 |
| 001 | 9.801099 |
| 003 | CaOODSP |
| 005 | 20240314152356 |
| 007 | cr ||||||||||| |
| 008 | 150602s2015 xxcado||o f|0| 0 fre d |
| 020 | |a978-0-660-02459-2 |
| 040 | |aCaOODSP|bfre |
| 043 | |an-cn--- |
| 086 | 1 |aPS18-24/2015F-PDF |
| 245 | 00|aVers un avenir meilleur |h[ressource électronique] : |bguide de ressources autochtones pour le développement communautaire. |
| 260 | |a[Ottawa] : |bSécurité publique Canada, |cc2015. |
| 300 | |a95 p. : |bphotographes, figures, illus., tableaux. |
| 500 | |aPublié aussi en anglais sous le titre : Moving toward a stronger future : an Aboriginal resource guide for community development. |
| 692 | 07|2gccst|aAutochtones |
| 710 | 1 |aCanada. |bSécurité publique Canada. |
| 775 | 08|tMoving toward a stronger future |w(CaOODSP)9.801098 |
| 856 | 40|qPDF|s3.67 Mo|uhttps://publications.gc.ca/collections/collection_2015/sp-ps/PS18-24-2015-fra.pdf |